[Event "Salamanca Unamuno Cup"]
[Site "Salamanca"]
[Date "2021.12.05"]
[Round "4"]
[White "Haak, Eelco"]
[Black "Bajo Gutierrez, Ignacio"]
[Result "0-1"]
[WhiteElo "1984"]
[BlackElo "2245"]
[PlyCount "80"]
[EventDate "2021.12.03"]
[EventType "swiss"]
[EventRounds "9"]
[EventCountry "ESP"]
[SourceTitle "EXT 2023"]
[Source "ChessBase"]
[SourceDate "2022.10.05"]
[SourceVersion "1"]
[SourceVersionDate "2022.10.05"]
[SourceQuality "1"]

1. d4 Nf6 2. c4 g6 3. Nc3 d6 4. e4 Bg7 5. f3 0-0 6. Be3 Nc6 7. Qd2 a6 8. Nge2 Rb8 9. Bh6 e5 10. d5 Na5 11. Ng3 c5 12. h4 Bd7 13. h5 b5 14. Bxg7 Kxg7 15. f4 exf4 16. Qxf4 Qe7 17. 0-0-0 Ng4 18. Be2 Ne5 19. Rh2 bxc4 20. Rdh1 g5 21. h6+ Kh8 22. Qd2 Rb4 23. Rf1 Rfb8 24. Nd1 Bg4 25. Nf5 Qd8 26. Bxg4 Nxg4 27. Rh3 Ne5 28. Qc3 f6 29. Ng7 Nb3+ 30. Kb1 Nd4 31. Nh5 Nb5 32. Qd2 c3 33. Rxc3 Rd4 34. Qc1 Nxc3+ 35. Qxc3 Rd3 36. Qc2 Qa5 37. Nxf6 Rd2 38. Qc1 Nd3 39. Qc4 Rxd1+ 40. Rxd1 Nxb2 0-1

[Event "Salamanca Unamuno Cup"]
[Site "Salamanca"]
[Date "2021.12.03"]
[Round "1"]
[White "Bajo Gutierrez, Ignacio"]
[Black "Sanchez Criado, Jose Luis"]
[Result "1-0"]
[WhiteElo "2245"]
[BlackElo "1641"]
[PlyCount "57"]
[EventDate "2021.12.03"]
[EventType "swiss"]
[EventRounds "9"]
[EventCountry "ESP"]
[SourceTitle "EXT 2023"]
[Source "ChessBase"]
[SourceDate "2022.10.05"]
[SourceVersion "1"]
[SourceVersionDate "2022.10.05"]
[SourceQuality "1"]

1. e4 g6 2. d4 Bg7 3. Nc3 a6 4. Be3 b5 5. Nf3 d6 6. Qd2 e6 7. 0-0-0 Bb7 8. Bd3 Nd7 9. h3 Ne7 10. Kb1 h6 11. Rhe1 Nb6 12. g4 Nc4 13. Bxc4 bxc4 14. Qe2 d5 15. exd5 Nxd5 16. Nxd5 Bxd5 17. Ne5 c3 18. b3 Qb8 19. f4 Qb7 20. Qd3 a5 21. Qxc3 a4 22. f5 axb3 23. axb3 Bxe5 24. dxe5 g5 25. f6 Ra6 26. Qc5 c6 27. Kb2 Qc7 28. Ra1 Rxa1 29. Rxa1 1-0

[Event "Trevis San Miguel op 26th"]
[Site "Trevis"]
[Date "2020.09.19"]
[Round "2.2"]
[White "Gonzalez Guedes, Iyan"]
[Black "Bajo Gutierrez, Ignacio"]
[Result "1/2-1/2"]
[WhiteElo "2251"]
[BlackElo "2269"]
[PlyCount "42"]
[EventDate "2020.09.19"]
[EventType "swiss"]
[EventRounds "3"]
[EventCountry "ESP"]
[SourceTitle "EXT 2024"]
[Source "ChessBase"]
[SourceDate "2023.10.10"]
[SourceVersion "1"]
[SourceVersionDate "2023.10.10"]
[SourceQuality "1"]

1. d4 Nf6 2. Nf3 e6 3. e3 d5 4. Bd3 Bd6 5. b3 0-0 6. 0-0 c5 7. Bb2 cxd4 8. exd4 Nc6 9. Nbd2 Qc7 10. c4 Rd8 11. Qe2 b6 12. Rac1 Bb7 13. Ne5 dxc4 14. bxc4 Bxe5 15. dxe5 Nd7 16. f4 Nc5 17. Bb1 Nd4 18. Qf2 Qc6 19. Rfe1 Nf5 20. Ne4 Nxe4 21. Bxe4 Qc7 1/2-1/2

[Event "Benidorm op U2300 11th"]
[Site "Benidorm"]
[Date "2012.12.01"]
[Round "2"]
[White "Suarez Roa, Jose Francisco"]
[Black "Bajo Gutierrez, Ignacio"]
[Result "1-0"]
[WhiteElo "2141"]
[BlackElo "2252"]
[PlyCount "55"]
[EventDate "2012.11.30"]
[EventType "swiss"]
[EventRounds "10"]
[EventCountry "ESP"]
[SourceTitle "EXT 2014"]
[Source "ChessBase"]
[SourceDate "2013.11.20"]
[SourceVersion "1"]
[SourceVersionDate "2013.11.20"]
[SourceQuality "1"]

1. d4 Nf6 2. c4 g6 3. Nc3 Bg7 4. e4 d6 5. Bd3 0-0 6. Nge2 Nc6 7. 0-0 e5 8. d5 Nd4 9. Nxd4 exd4 10. Ne2 Re8 11. f3 c5 12. Bg5 a6 13. Qd2 Bd7 14. Rae1 b5 15. b3 Qc7 16. Ng3 h5 17. h3 Nh7 18. Bh4 b4 19. f4 Bh6 20. Qd1 Kg7 21. Nxh5+ gxh5 22. Qxh5 Rh8 23. e5 Be8 24. Qg4+ Kf8 25. exd6 Qxd6 26. Be7+ Qxe7 27. Rxe7 Kxe7 28. Qh4+ 1-0

[Event "Benidorm op U2300 11th"]
[Site "Benidorm"]
[Date "2012.11.30"]
[Round "1"]
[White "Bajo Gutierrez, Ignacio"]
[Black "Lopez Colon, Francisco"]
[Result "1-0"]
[WhiteElo "2252"]
[BlackElo "2093"]
[PlyCount "55"]
[EventDate "2012.11.30"]
[EventType "swiss"]
[EventRounds "10"]
[EventCountry "ESP"]
[SourceTitle "EXT 2014"]
[Source "ChessBase"]
[SourceDate "2013.11.20"]
[SourceVersion "1"]
[SourceVersionDate "2013.11.20"]
[SourceQuality "1"]

1. d4 d5 2. Nf3 Nf6 3. c4 e6 4. Nc3 Be7 5. Bg5 0-0 6. e3 Nbd7 7. Rc1 c6 8. Bd3 dxc4 9. Bxc4 b5 10. Bd3 Bb7 11. 0-0 a6 12. e4 c5 13. e5 Nd5 14. Bxe7 Nxe7 15. Bxh7+ Kxh7 16. Ng5+ Kh6 17. Qg4 Nf5 18. f4 Nf6 19. exf6 Qxd4+ 20. Kh1 Ne3 21. Qh4+ Kg6 22. Nf3 Qxf6 23. Ne5+ Qxe5 24. fxe5 Bxg2+ 25. Kg1 Bxf1 26. Qg3+ Kh7 27. Qxe3 Bc4 28. b3 1-0

[Event "Oviedo Fapa op"]
[Site "Oviedo"]
[Date "2010.01.05"]
[Round "9"]
[White "Bajo Gutierrez, Ignacio"]
[Black "Lazcano Arguelles, David"]
[Result "1-0"]
[WhiteElo "2247"]
[BlackElo "2044"]
[PlyCount "81"]
[EventDate "2009.12.26"]
[EventType "swiss"]
[EventRounds "9"]
[EventCountry "ESP"]
[SourceTitle "CBM 134 Extra"]
[Source "ChessBase"]
[SourceDate "2010.03.03"]
[SourceVersion "1"]
[SourceVersionDate "2010.03.03"]
[SourceQuality "1"]

1. d4 f5 2. g3 Nf6 3. Bg2 e6 4. c4 Bb4+ 5. Bd2 Bxd2+ 6. Nxd2 0-0 7. Ngf3 Qe7 8. 0-0 d6 9. Re1 Nc6 10. e4 e5 11. exf5 Bxf5 12. Qb3 Rab8 13. d5 Nd8 14. Qa3 a6 15. Nxe5 Re8 16. Nef3 Qd7 17. Rxe8+ Qxe8 18. Re1 Qd7 19. Nd4 Bg4 20. Ne4 Nxe4 21. Rxe4 Nf7 22. Qe3 Ne5 23. b3 Rf8 24. f4 Ng6 25. Ne6 Re8 26. Ng5 Rf8 27. Qd4 Bf5 28. Re3 Ne7 29. Ne6 Rf6 30. Be4 h6 31. Qd3 Kf7 32. Nd4 a5 33. Nxf5 Nxf5 34. Bxf5 Rxf5 35. Re6 Rf6 36. f5 Qd8 37. Qe4 b6 38. Qh4 Qc8 39. Qh5+ Kf8 40. Rxf6+ gxf6 41. Qxh6+ 1-0

[Event "Oviedo op 3rd"]
[Site "Oviedo"]
[Date "2008.07.30"]
[Round "8"]
[White "Bajo Gutierrez, Ignacio"]
[Black "Pozo Vera, Sandro"]
[Result "0-1"]
[WhiteElo "2238"]
[BlackElo "2454"]
[PlyCount "44"]
[EventDate "2008.07.23"]
[EventType "swiss"]
[EventRounds "9"]
[EventCountry "ESP"]
[SourceTitle "CBM 125 Extra"]
[Source "ChessBase"]
[SourceDate "2008.09.01"]
[SourceVersion "1"]
[SourceVersionDate "2008.09.01"]
[SourceQuality "1"]

1. e4 e6 2. d4 d5 3. Nc3 Bb4 4. e5 c5 5. a3 Bxc3+ 6. bxc3 Ne7 7. Qg4 Qc7 8. Qxg7 Rg8 9. Qxh7 cxd4 10. Ne2 Nbc6 11. f4 Bd7 12. Qd3 dxc3 13. Nxc3 a6 14. Rb1 Rc8 15. Ne2 Na7 16. Nd4 Nb5 17. Rb2 Nxd4 18. Qxd4 Nf5 19. Qf2 d4 20. Rg1 Ne3 21. Bd3 Ba4 22. Bxe3 dxe3 0-1

[Event "Oviedo op 3rd"]
[Site "Oviedo"]
[Date "2008.07.26"]
[Round "4"]
[White "Del Rio de Angelis, Salvador Gabriel"]
[Black "Bajo Gutierrez, Ignacio"]
[Result "1/2-1/2"]
[WhiteElo "2526"]
[BlackElo "2238"]
[PlyCount "57"]
[EventDate "2008.07.23"]
[EventType "swiss"]
[EventRounds "9"]
[EventCountry "ESP"]
[SourceTitle "CBM 125 Extra"]
[Source "ChessBase"]
[SourceDate "2008.09.01"]
[SourceVersion "1"]
[SourceVersionDate "2008.09.01"]
[SourceQuality "1"]

1. d4 Nf6 2. c4 g6 3. Nc3 Bg7 4. e4 d6 5. Nf3 0-0 6. Be2 e5 7. 0-0 Nc6 8. Be3 Ng4 9. Bg5 f6 10. Bh4 g5 11. Bg3 Nh6 12. dxe5 dxe5 13. h3 Be6 14. Qxd8 Rfxd8 15. Nd5 Rac8 16. Rab1 Nf7 17. b4 Rd7 18. Rfd1 Ne7 19. Nd2 c6 20. Nxe7+ Rxe7 21. Bg4 Bf8 22. f3 Bxg4 23. hxg4 Rd7 24. Kf1 Rcd8 25. Ke2 b5 26. Bf2 Nd6 27. c5 Nb7 28. a4 bxa4 29. Nc4 1/2-1/2

[Event "Oviedo op 3rd"]
[Site "Oviedo"]
[Date "2008.07.24"]
[Round "2"]
[White "Suarez Garcia, Carlos"]
[Black "Bajo Gutierrez, Ignacio"]
[Result "1/2-1/2"]
[WhiteElo "1932"]
[BlackElo "2238"]
[PlyCount "70"]
[EventDate "2008.07.23"]
[EventType "swiss"]
[EventRounds "9"]
[EventCountry "ESP"]
[SourceTitle "CBM 125 Extra"]
[Source "ChessBase"]
[SourceDate "2008.09.01"]
[SourceVersion "1"]
[SourceVersionDate "2008.09.01"]
[SourceQuality "1"]

1. e4 c5 2. Nf3 d6 3. d4 Nf6 4. Nc3 cxd4 5. Nxd4 g6 6. Be3 Bg7 7. Bc4 0-0 8. Bb3 Ng4 9. Qd2 Nxe3 10. Qxe3 Nc6 11. Nxc6 bxc6 12. 0-0 Qa5 13. Kh1 Rb8 14. Ne2 Bxb2 15. Rab1 Rxb3 16. axb3 Bf6 17. c3 Qc7 18. f4 c5 19. c4 Bb7 20. Nc3 Bxc3 21. Qxc3 Bxe4 22. Rbe1 Qb7 23. Rf2 f5 24. Kg1 Rb8 25. Rb2 Qc7 26. Ra1 Rb4 27. Ra3 Qb6 28. Rba2 a5 29. h3 d5 30. Qe5 dxc4 31. Qxe7 cxb3 32. Qe8+ Kg7 33. Qe7+ Kg8 34. Qe8+ Kg7 35. Qe7+ Kg8 1/2-1/2

[Event "Trevias San Miguel op"]
[Site "Trevias"]
[Date "2007.09.18"]
[Round "2.1"]
[White "Bajo Gutierrez, Ignacio"]
[Black "Aguera Naredo, Javier"]
[Result "0-1"]
[WhiteElo "2231"]
[BlackElo "2393"]
[PlyCount "60"]
[EventDate "2007.09.17"]
[EventType "swiss"]
[EventRounds "7"]
[EventCountry "ESP"]
[SourceTitle "EXT 2024"]
[Source "ChessBase"]
[SourceDate "2023.10.10"]
[SourceVersion "1"]
[SourceVersionDate "2023.10.10"]
[SourceQuality "1"]

1. e4 e5 2. Nf3 Nc6 3. Bb5 a6 4. Ba4 Nf6 5. 0-0 Be7 6. Re1 b5 7. Bb3 0-0 8. h3 Bb7 9. c3 d5 10. exd5 Nxd5 11. d4 exd4 12. Nxd4 Nxd4 13. Qxd4 c5 14. Qe4 Re8 15. c4 Bd6 16. Qxe8+ Qxe8 17. Rxe8+ Rxe8 18. Kf1 Nb4 19. Nc3 bxc4 20. Ba4 Rd8 21. Bg5 f6 22. Be3 Nd3 23. Bc2 Bc6 24. Rd1 Nxb2 25. Rb1 Nd3 26. Rb6 Bxg2+ 27. Kxg2 Ne1+ 28. Kf1 Nxc2 29. Rxa6 Be5 30. Ne4 Nxe3+ 0-1

[Event "Trevias op"]
[Site "Trevias"]
[Date "2006.09.15"]
[Round "5"]
[White "Bajo Gutierrez, Ignacio"]
[Black "Muratet Casadevall, Albert"]
[Result "1/2-1/2"]
[WhiteElo "2289"]
[BlackElo "2216"]
[PlyCount "101"]
[EventDate "2006.09.11"]
[EventType "swiss"]
[EventRounds "7"]
[EventCountry "ESP"]
[SourceTitle "CBM 114 Extra"]
[Source "ChessBase"]
[SourceDate "2006.11.03"]
[SourceVersion "1"]
[SourceVersionDate "2006.11.03"]
[SourceQuality "1"]

1. e4 c5 2. Nf3 d6 3. Bb5+ Bd7 4. Bxd7+ Qxd7 5. c4 Nc6 6. Nc3 g6 7. d4 cxd4 8. Nxd4 Bg7 9. Be3 Nf6 10. f3 0-0 11. Rc1 Rfc8 12. b3 a6 13. Na4 Qd8 14. Ne2 Nd7 15. Qd2 b5 16. cxb5 axb5 17. Nac3 Qa5 18. 0-0 Nc5 19. Rfd1 b4 20. Nd5 e6 21. Nb6 Qxb6 22. Qxd6 Nxe4 23. Bxb6 Nxd6 24. Rxd6 Ne7 25. Rxc8+ Rxc8 26. Rd8+ Rxd8 27. Bxd8 Nd5 28. Kf2 Kf8 29. Ke1 Ke8 30. Bg5 Kd7 31. Kd1 Kc6 32. Kc2 Kc5 33. Bd2 f5 34. Nf4 Nxf4 35. Bxf4 Kd5 36. Kd3 e5 37. Bc1 e4+ 38. fxe4+ fxe4+ 39. Ke2 Bf8 40. Bb2 Bc5 41. Bg7 h5 42. h3 Bd4 43. Bf8 Bc5 44. Bg7 Ke6 45. Bh6 Kf5 46. Bd2 g5 47. Bc1 g4 48. Bd2 Ke6 49. Bh6 Kd5 50. Bg7 Be7 51. Bb2 1/2-1/2

[Event "San Miguel op"]
[Site "Trevias"]
[Date "2004.09.23"]
[Round "4.3"]
[White "Garrido Moreno, Angel Luis"]
[Black "Bajo Gutierrez, Ignacio"]
[Result "1/2-1/2"]
[WhiteElo "2076"]
[BlackElo "2286"]
[PlyCount "138"]
[EventDate "2004.09.20"]
[EventType "swiss"]
[EventRounds "7"]
[EventCountry "ESP"]
[SourceTitle "EXT 2005"]
[Source "ChessBase"]
[SourceDate "2004.11.15"]
[SourceVersion "1"]
[SourceVersionDate "2004.11.15"]
[SourceQuality "1"]

1. e4 e6 2. d4 d5 3. e5 c5 4. c3 Nc6 5. Nf3 Qb6 6. Be2 cxd4 7. cxd4 Nge7 8. Nc3 Nf5 9. Na4 Qa5+ 10. Bd2 Bb4 11. Bc3 Bd7 12. a3 Bxc3+ 13. Nxc3 Qd8 14. Rc1 0-0 15. 0-0 Nh4 16. Nxh4 Qxh4 17. f4 f5 18. Rf3 g5 19. g3 Qh6 20. fxg5 Qxg5 21. Bb5 Nxd4 22. Qxd4 Bxb5 23. Rf4 Rfc8 24. Qd2 Bc4 25. Nd1 Qg7 26. Qc3 b6 27. Qd4 Be2 28. Rxc8+ Rxc8 29. Ne3 Qd7 30. g4 Bxg4 31. Nxg4 fxg4 32. Rf6 Qg7 33. Rxe6 Qg5 34. Rf6 Qc1+ 35. Rf1 Qc5 36. Rf4 h5 37. b4 Qxd4+ 38. Rxd4 Rd8 39. h3 gxh3 40. Rh4 Kf7 41. Rxh5 Ke6 42. Kf2 Rc8 43. Rxh3 Rc2+ 44. Ke1 d4 45. Rh7 Kxe5 46. Rxa7 Ke4 47. a4 Ke3 48. Re7+ Kd3 49. a5 Rc1+ 50. Kf2 bxa5 51. bxa5 Ra1 52. Re5 Kd2 53. Rd5 d3 54. Rc5 Ra4 55. Kf3 Kd1 56. Ke3 d2 57. Kd3 Ra3+ 58. Kc4 Ke2 59. Re5+ Kf3 60. Rf5+ Ke3 61. Rd5 Ke2 62. Re5+ Kf3 63. Rd5 Ke2 64. Re5+ Re3 65. Rd5 Re4+ 66. Kb5 Re3 67. Rxd2+ Kxd2 68. a6 Ra3 69. Kb6 Rxa6+ 1/2-1/2

[Event "Asturias-chT Preferente 0304"]
[Site "Asturias"]
[Date "2003.11.22"]
[Round "3"]
[White "Fernandez Suarez, Charles"]
[Black "Bajo Gutierrez, Ignacio"]
[Result "0-1"]
[WhiteElo "2200"]
[BlackElo "2286"]
[PlyCount "62"]
[EventDate "2003.??.??"]
[EventType "team"]
[EventRounds "7"]
[EventCountry "ESP"]
[SourceTitle "EXT 2007"]
[Source "ChessBase"]
[SourceDate "2006.11.23"]
[SourceVersion "1"]
[SourceVersionDate "2006.11.23"]
[SourceQuality "1"]

1. Nf3 Nf6 2. g3 g6 3. Bg2 Bg7 4. 0-0 0-0 5. d3 d5 6. Nbd2 c5 7. e4 Nc6 8. exd5 Nxd5 9. Nb3 b6 10. d4 c4 11. Nbd2 c3 12. Nb3 Ba6 13. Re1 cxb2 14. Bxb2 Rc8 15. a3 e6 16. Nfd2 Nce7 17. Rc1 Nc3 18. Qf3 Ned5 19. Ne4 Nxe4 20. Qxe4 Nc3 21. Qf3 Na4 22. Ba1 Bc4 23. Nd2 Bd5 24. Qd3 Bxg2 25. Kxg2 Qd5+ 26. Kg1 b5 27. c4 bxc4 28. Nxc4 Rfd8 29. Ne5 Rxc1 30. Rxc1 Bxe5 31. Qa6 Bxd4 0-1

[Event "Asturias-ch Preferente"]
[Site "Norena"]
[Date "2001.03.24"]
[Round "6.1"]
[White "Bajo Gutierrez, Ignacio"]
[Black "Roiz Baztan, David"]
[Result "0-1"]
[WhiteElo "2278"]
[BlackElo "2339"]
[PlyCount "94"]
[EventDate "2001.02.17"]
[EventType "swiss"]
[EventRounds "9"]
[EventCountry "ESP"]
[SourceTitle "EXT 2002"]
[Source "ChessBase"]
[SourceDate "2001.11.25"]
[SourceVersion "1"]
[SourceVersionDate "2001.11.25"]
[SourceQuality "1"]

1. e4 c5 2. Nf3 d6 3. d4 cxd4 4. Nxd4 Nf6 5. Nc3 a6 6. f3 e5 7. Nb3 Be6 8. Be3 Be7 9. g4 0-0 10. Qd2 d5 11. g5 Nxe4 12. fxe4 d4 13. 0-0-0 dxc3 14. Qxc3 Nd7 15. h4 Rc8 16. Qd2 Qc7 17. Bd3 Rfd8 18. Kb1 Nc5 19. Nxc5 Bxc5 20. Bxc5 Qxc5 21. h5 Rd7 22. Rh2 Rc6 23. Rdh1 Rb6 24. b3 a5 25. g6 h6 26. gxf7+ Bxf7 27. Qf2 Qxf2 28. Rxf2 a4 29. Rh3 axb3 30. axb3 Rf6 31. Rxf6 gxf6 32. Kc1 Kf8 33. Kd2 Ke7 34. Ke3 Rd8 35. Be2 Rc8 36. Bd3 Rg8 37. Be2 Rg5 38. Rh1 Rg3+ 39. Kd2 Be8 40. Ra1 Bc6 41. Ra8 Bxe4 42. Rh8 Rg2 43. Ke3 Bxc2 44. Rxh6 Rg8 45. Bc4 Rd8 46. Ke2 b5 47. Bxb5 Kf7 0-1